000 01023nam a22003377a 4500
001 9320
003 FISKH
005 20251210150305.0
008 251210b cb ||||| |||| 00| 0 eng d
020 _a9780439912488
040 _aFISKH
_beng
_cFISKH
_dFISKH
050 _aPZ7.B17945 M
082 _a813.6
100 _aBalaban , Mariah
245 _aMahoney's Magic /
_cBy Mariah Balaban
250 _aFirst printing , September 2007
260 _aNew York :
_bScholastic ,
_c2007 .
300 _a12 unnumbered pages :
_bcolor illustrations ;
_c21 cm.
490 _aMr. Magorium's Wonder Emporium
505 _aR
520 _aAll about the fantastic world of Mr. Magorium's Wonder Emporium.
521 8 _a660
_bLexile estimate
521 8 _aR
_bRaz-Plus
650 _aMagic
_vFiction
650 _aToys
_vFiction
650 _aMovies
_vFiction
700 _aDeMonico , Rick
_eBook Designer
700 _aBarber , Heather
_eBook Designer
942 _2ddc
_cBK
_n0
999 _c9320
_d9320